000 00518nam a2200229Ia 4500
003 0100
008 130303s9999 xx 000 0 und d
020 _a0099883708
040 _cARRUPELIB
050 _aB3376.W564M59 1990
100 _aMonk, Ray
245 _aLudwig Wittgenstein
245 _bthe duty of genius
260 _aNew York
260 _bVintage Book
260 _C1990
300 _a654p.
300 _b 21 cm.
650 _aPHILOSOPHY
650 _bIgnatius of Loyola, St
942 0 0 _01
999 _c20791
_d20791